000
00200 a2200085 4500
020
_a
9788179931882
100
_a
RAKESH KUMAR
245
_a
MUNICIPAL WATER AND WASTE WATER TREATMENT
260
_b
TERRI PRESS
999
_c
13096
_d
13096